Statistics for Guess The Midnights Song

Click here to take the quiz!

General Stats

  • This quiz has been taken 213 times
  • The average score is 16 of 20

Answer Stats

HintAnswer% Correct
He wanted it comfortable, I wanted that painMidnight Rain
97%
She’s laughing up at us from hellAnti-hero
96%
Spider boy, king of thieves, weave your little webs of opacityKarma
90%
I’m damned If I do give a damn what people sayLavender Haze
88%
And she looks so pretty, driving in your BenzVigilante Shit
87%
I looked around in a blood soaked gownYou’re On Your Own, Kid
87%
You were standing hollow-eyed in the hallwayMaroon
85%
I want the penthouse of your heartBejeweled
84%
I searched ‘aurora borealis green’Snow On The Beach
79%
And now that I’m grown, I’m scared of ghostsWould’ve, Could’ve, Should’ve
79%
To you I can admit that I’m just too soft for all of itSweet Nothing
78%
Never take advice from someone who’s falling apartDear Reader
77%
F*cking politics and gender rolesQuestion…?
76%
I’m the wind in our free-flowing sailsMastermind
74%
I want to transport you to somewhere the culture’s cleverParis
74%
You know how scared I am of elevatorsLabyrinth
73%
Did some force take you because I didn’t pray?Bigger Than The Whole Sky
66%
Nights are so starry, blood moonlitGlitch
65%
But diesel is desire, you were playing with fireThe Great War
65%
Your picket fence is sharp as knivesHigh Infidelity
58%

Score Distribution

Percentile by Number Answered

Percent of People with Each Score

Your Score History

You have not taken this quiz